[Event "Rahachow Rogachev Memorial"]
[Site "Rahachow"]
[Date "2023.08.10"]
[Round "5"]
[White "Leinov, Roman"]
[Black "Spizharny, Mikhail"]
[Result "0-1"]
[WhiteElo "2147"]
[BlackElo "2051"]
[PlyCount "120"]
[EventDate "2023.08.08"]
[EventType "team-schev"]
[EventRounds "9"]
[EventCountry "BLR"]
[SourceTitle "CBM 215 Extra"]
[Source "ChessBase"]
[SourceDate "2023.09.30"]
[SourceVersion "1"]
[SourceVersionDate "2023.09.30"]
[SourceQuality "1"]
[WhiteTeam "Red"]
[BlackTeam "Red"]
[WhiteTeamCountry "BLR"]
[BlackTeamCountry "BLR"]

1. c4 e6 2. d4 d5 3. Nc3 Be7 4. cxd5 exd5 5. Qc2 c6 6. Nf3 Nf6 7. Bg5 g6 8. e3 Bf5 9. Bd3 Bxd3 10. Qxd3 Nbd7 11. 0-0 0-0 12. Rab1 a5 13. Rfc1 Re8 14. Nd2 Ne4 15. Bf4 Nxd2 16. Qxd2 Nb6 17. Qc2 Bd6 18. Bxd6 Qxd6 19. Re1 Re7 20. Na4 Nc4 21. Nc5 f5 22. Nd3 Rae8 23. g3 g5 24. Rbc1 Qh6 25. b3 Nd6 26. Qd2 Ne4 27. Qxa5 g4 28. Kh1 Ng5 29. Rf1 Nf3 30. h4 Nxh4 31. gxh4 Qxh4+ 32. Kg1 g3 33. Kg2 Qh2+ 34. Kf3 g2 35. Nf4 gxf1Q 36. Rxf1 Rg7 37. Qe1 Re4 38. Qb1 Rg4 39. Nd3 Qg2+ 40. Ke2 Rg3 41. Kd2 Kh8 42. Kc3 Rg7 43. a4 Qg5 44. a5 Qd8 45. b4 b6 46. axb6 Qxb6 47. Nc5 Ra7 48. Nxe4 Ra3+ 49. Kd2 fxe4 50. Rc1 Qa6 51. b5 Ra2+ 52. Ke1 Qa5+ 53. Kf1 Qd2 54. Qxa2 Qxa2 55. bxc6 Kg7 56. c7 Qa6+ 57. Kg2 Qc8 58. Kg3 Kf6 59. Kh4 Ke6 60. Rc6+ Kd7 0-1

[Event "Rahachow Rogachev Memorial"]
[Site "Rahachow"]
[Date "2023.08.08"]
[Round "1"]
[White "Leinov, Roman"]
[Black "Khokhlova, Daria"]
[Result "1/2-1/2"]
[WhiteElo "2147"]
[BlackElo "2073"]
[PlyCount "54"]
[EventDate "2023.08.08"]
[EventType "team-schev"]
[EventRounds "9"]
[EventCountry "BLR"]
[SourceTitle "CBM 215 Extra"]
[Source "ChessBase"]
[SourceDate "2023.09.30"]
[SourceVersion "1"]
[SourceVersionDate "2023.09.30"]
[SourceQuality "1"]
[WhiteTeam "Red"]
[BlackTeam "Green"]
[WhiteTeamCountry "BLR"]
[BlackTeamCountry "BLR"]

1. b3 e5 2. Bb2 Nc6 3. e3 a6 4. Nf3 e4 5. Nd4 Nxd4 6. exd4 d5 7. d3 Nf6 8. Be2 Bd6 9. 0-0 0-0 10. c4 c6 11. Nc3 Bf5 12. dxe4 Nxe4 13. Bf3 Re8 14. g3 Nxc3 15. Bxc3 Bc7 16. Qd2 Qd7 17. Rfe1 h6 18. Ba5 Bxa5 19. Qxa5 Be6 20. cxd5 Bxd5 21. Bxd5 cxd5 22. Rac1 Rxe1+ 23. Rxe1 b5 24. Re5 Qc6 25. Qb4 Re8 26. Qc5 Qxc5 27. Rxe8+ Qf8 1/2-1/2

[Event "Rogachev"]
[Site "Rogachev"]
[Date "2022.10.01"]
[Round "8"]
[White "Grib, Roman"]
[Black "Leinov, Roman"]
[Result "1/2-1/2"]
[WhiteElo "2420"]
[BlackElo "2168"]
[PlyCount "44"]
[EventDate "2022.09.27"]
[EventType "tourn"]
[EventRounds "9"]
[EventCountry "BLR"]
[EventCategory "1"]
[SourceTitle "CBM 210 Extra"]
[Source "ChessBase"]
[SourceDate "2022.11.30"]
[SourceVersion "1"]
[SourceVersionDate "2022.11.30"]
[SourceQuality "1"]

1. e4 c5 2. Nf3 g6 3. d4 cxd4 4. Nxd4 Bg7 5. Nc3 Nc6 6. Be3 Nf6 7. Bc4 0-0 8. Bb3 Re8 9. f3 e6 10. 0-0 d5 11. exd5 Nxd5 12. Bxd5 exd5 13. Bf2 Be6 14. Qd2 Ne5 15. b3 Rc8 16. Nce2 a6 17. Rad1 Qd6 18. Rfe1 Nc6 19. c3 Qa3 20. Nf4 Nxd4 21. cxd4 Bh6 22. Be3 Bg7 1/2-1/2

[Event "Rogachev"]
[Site "Rogachev"]
[Date "2022.09.28"]
[Round "2"]
[White "Leinov, Roman"]
[Black "Kononenko, Dmitry1111"]
[Result "1-0"]
[WhiteElo "2168"]
[BlackElo "2306"]
[PlyCount "113"]
[EventDate "2022.09.27"]
[EventType "tourn"]
[EventRounds "9"]
[EventCountry "BLR"]
[EventCategory "1"]
[SourceTitle "CBM 210 Extra"]
[Source "ChessBase"]
[SourceDate "2022.11.30"]
[SourceVersion "1"]
[SourceVersionDate "2022.11.30"]
[SourceQuality "1"]

1. e4 d5 2. exd5 Qxd5 3. Nc3 Qd6 4. Bc4 Nf6 5. d3 Bg4 6. Nf3 c6 7. h3 Bh5 8. g4 Bg6 9. Qe2 Nbd7 10. Bd2 0-0-0 11. 0-0-0 e6 12. Ne4 Qc7 13. Nxf6 Nxf6 14. Ne5 Bd6 15. f4 Bxe5 16. Qxe5 Qxe5 17. fxe5 Nd5 18. Rhf1 h5 19. g5 Ne7 20. a4 b6 21. b4 Rd7 22. c3 Bxd3 23. Bxd3 Rxd3 24. Rxf7 Nf5 25. Be1 Rxd1+ 26. Kxd1 Rd8+ 27. Bd2 Rd7 28. Rf8+ Rd8 29. Rf7 Rd7 30. Rf8+ Kb7 31. Kc2 b5 32. axb5 cxb5 33. Re8 Re7 34. Rh8 Kc6 35. Rxh5 Kd5 36. Rh8 Kxe5 37. Rb8 Ke4 38. Rxb5 e5 39. Ra5 Kf3 40. g6 Re6 41. Rxa7 Rxg6 42. Rf7 Rf6 43. Rxf6 gxf6 44. b5 Nd6 45. b6 e4 46. c4 e3 47. c5 Nb7 48. Bb4 Nd8 49. h4 Kg4 50. Kd3 Nc6 51. Be1 Kf4 52. b7 f5 53. h5 Kg5 54. Kxe3 Kxh5 55. Bg3 Kg6 56. b8Q Nxb8 57. Bxb8 1-0

[Event "Minsk op"]
[Site "Minsk"]
[Date "2022.08.05"]
[Round "3"]
[White "Gorovets, Andrey"]
[Black "Leinov, Roman"]
[Result "1-0"]
[WhiteElo "2493"]
[BlackElo "2178"]
[PlyCount "109"]
[EventDate "2022.08.03"]
[EventType "swiss"]
[EventRounds "9"]
[EventCountry "BLR"]
[SourceTitle "CBM 209 Extra"]
[Source "ChessBase"]
[SourceDate "2022.09.30"]
[SourceVersion "1"]
[SourceVersionDate "2022.09.30"]
[SourceQuality "1"]

1. c4 e6 2. Nf3 d5 3. d4 Nf6 4. Nc3 Be7 5. g3 Ne4 6. Bg2 f5 7. 0-0 0-0 8. Ne5 c6 9. Nxe4 fxe4 10. f3 exf3 11. Bxf3 Nd7 12. Bf4 Nxe5 13. Bxe5 Bd6 14. Bxd6 Qxd6 15. c5 Qe7 16. Qb3 Rb8 17. e4 b6 18. exd5 Ba6 19. d6 Qf6 20. Rf2 bxc5 21. Qa3 Bc4 22. dxc5 Bd5 23. Raf1 Bc4 24. Be2 Qd4 25. Qc3 Qxc3 26. bxc3 Rxf2 27. Rxf2 Bxe2 28. Rxe2 Kf7 29. Re4 Rb5 30. Rf4+ Ke8 31. d7+ Kxd7 32. Rf7+ Kd8 33. Rxg7 h5 34. Rg5 Ra5 35. Rxh5 Rxa2 36. Rh7 Ra5 37. h4 Rxc5 38. Rxa7 Rxc3 39. Kf2 Ke8 40. h5 Kf8 41. h6 Kg8 42. g4 Rh3 43. g5 Kh8 44. Kg2 Rh5 45. Rg7 c5 46. Kg3 Rh1 47. Kg4 c4 48. Rc7 Kg8 49. Rxc4 Kf7 50. Rc7+ Kg8 51. Re7 Ra1 52. Kh5 Ra5 53. h7+ Kh8 54. Kh6 Ra8 55. g6 1-0

[Event "BLR-ch 1st League"]
[Site "Minsk"]
[Date "2021.12.15"]
[Round "7"]
[White "Kramich, Alyaksej"]
[Black "Leinov, Roman"]
[Result "0-1"]
[WhiteElo "2031"]
[BlackElo "2194"]
[PlyCount "64"]
[EventDate "2021.12.09"]
[EventType "swiss"]
[EventRounds "9"]
[EventCountry "BLR"]
[SourceTitle "EXT 2023"]
[Source "ChessBase"]
[SourceDate "2022.10.05"]
[SourceVersion "1"]
[SourceVersionDate "2022.10.05"]
[SourceQuality "1"]

1. e4 e6 2. d4 d5 3. Nc3 Nf6 4. Bd3 c5 5. Nf3 c4 6. Be2 Bb4 7. e5 Ne4 8. Bd2 Bxc3 9. Bxc3 Nxc3 10. bxc3 Qa5 11. Qd2 Nd7 12. 0-0 Nb6 13. Rab1 Qa3 14. Nh4 Na4 15. Qg5 0-0 16. Rbe1 Qxc3 17. f4 Qxd4+ 18. Kh1 Nc3 19. Bf3 f6 20. exf6 Qxf6 21. Qh5 g6 22. Qg4 Qxf4 23. Qh3 e5 24. g4 Qg5 25. Bg2 Ne4 26. Bxe4 dxe4 27. Rxf8+ Kxf8 28. Rf1+ Kg8 29. Nf5 gxf5 30. gxf5 Kh8 31. Qc3 Qf6 32. Qd2 Bxf5 0-1

[Event "BLR-ch 1st League"]
[Site "Minsk"]
[Date "2021.12.11"]
[Round "3"]
[White "Yashchuk, Mikhail"]
[Black "Leinov, Roman"]
[Result "1/2-1/2"]
[WhiteElo "1862"]
[BlackElo "2194"]
[PlyCount "91"]
[EventDate "2021.12.09"]
[EventType "swiss"]
[EventRounds "9"]
[EventCountry "BLR"]
[SourceTitle "EXT 2023"]
[Source "ChessBase"]
[SourceDate "2022.10.05"]
[SourceVersion "1"]
[SourceVersionDate "2022.10.05"]
[SourceQuality "1"]

1. e4 c6 2. d4 d5 3. Nc3 g6 4. Be2 dxe4 5. Nxe4 Bg7 6. c3 Nf6 7. Nc5 Nbd7 8. Nd3 0-0 9. Nf3 b6 10. Nfe5 Nxe5 11. Nxe5 Bb7 12. Bf3 Qc8 13. 0-0 c5 14. dxc5 Bxf3 15. Qxf3 Qxc5 16. Re1 Rac8 17. Nd3 Qd5 18. Qe2 Rfd8 19. Nb4 Qf5 20. Be3 Ng4 21. h3 Nxe3 22. fxe3 a5 23. Nc2 Qd3 24. Qxd3 Rxd3 25. Rad1 Rcd8 26. Rxd3 Rxd3 27. Kf2 Kf8 28. Ke2 Rd6 29. Rd1 Rxd1 30. Kxd1 Ke8 31. Kd2 Kd7 32. Kd3 e5 33. a4 Kc6 34. e4 f5 35. Ne3 f4 36. Nc4 Kc5 37. b3 g5 38. Nd2 h5 39. Ke2 g4 40. hxg4 hxg4 41. Nf1 Bf8 42. Nh2 g3 43. Nf3 Bd6 44. Kd3 b5 45. axb5 Kxb5 46. Ne1 1/2-1/2

[Event "BLR-ch 1st League"]
[Site "Minsk"]
[Date "2021.12.10"]
[Round "2"]
[White "Leinov, Roman"]
[Black "Piatrenka, Ivan"]
[Result "1/2-1/2"]
[WhiteElo "2194"]
[BlackElo "1786"]
[PlyCount "34"]
[EventDate "2021.12.09"]
[EventType "swiss"]
[EventRounds "9"]
[EventCountry "BLR"]
[SourceTitle "EXT 2023"]
[Source "ChessBase"]
[SourceDate "2022.10.05"]
[SourceVersion "1"]
[SourceVersionDate "2022.10.05"]
[SourceQuality "1"]

1. e4 c5 2. Nc3 e6 3. f4 d6 4. Nf3 Nf6 5. g3 Nc6 6. Bg2 Rb8 7. 0-0 b5 8. d3 b4 9. Ne2 g6 10. h3 e5 11. Be3 exf4 12. Bxf4 Bg7 13. Qd2 0-0 14. Bh6 Re8 15. Bxg7 Kxg7 16. Nf4 Ne5 17. Qf2 Bb7 1/2-1/2

[Event "Grodno-B"]
[Site "Grodno"]
[Date "2021.08.10"]
[Round "8"]
[White "Tsyhanchuk, Stanislav"]
[Black "Leinov, Roman"]
[Result "0-1"]
[WhiteElo "2294"]
[BlackElo "2215"]
[PlyCount "114"]
[EventDate "2021.08.05"]
[EventType "tourn"]
[EventRounds "9"]
[EventCountry "BLR"]
[SourceTitle "EXT 2022"]
[Source "ChessBase"]
[SourceDate "2021.10.06"]
[SourceVersion "1"]
[SourceVersionDate "2021.10.06"]
[SourceQuality "1"]

1. Nf3 d5 2. e3 g6 3. c4 Nf6 4. b4 Bg7 5. Bb2 0-0 6. cxd5 Qxd5 7. Be2 Qd6 8. a3 c5 9. b5 a6 10. bxa6 b6 11. a7 Nc6 12. Nc3 Nxa7 13. 0-0 Rd8 14. d4 Nc6 15. Nb5 Qb8 16. Qc1 Na5 17. dxc5 Nb3 18. Qc3 Nxa1 19. c6 Rd5 20. Bxa1 Rc5 21. c7 Qb7 22. Qd4 Bd7 23. a4 Bxb5 24. Bxb5 Ne8 25. Qb4 Bxa1 26. Rxa1 Nxc7 27. Bc4 Nd5 28. Bxd5 Rxd5 29. Rb1 Qd7 30. Qxb6 Rd1+ 31. Ne1 Rxb1 32. Qxb1 Rxa4 33. Kf1 Qa7 34. Qd3 Qa6 35. Qxa6 Rxa6 36. h4 Ra1 37. Ke2 f6 38. f4 h5 39. Nd3 Kf7 40. Kf3 Ke6 41. Nc5+ Kd5 42. Nd7 Rf1+ 43. Ke2 Rh1 44. Nf8 Ke4 45. Nxg6 e5 46. Kf2 Ra1 47. g4 hxg4 48. fxe5 Kf5 49. Nf4 Kxe5 50. Kg3 f5 51. h5 Ke4 52. Kh4 Rh1+ 53. Kg5 Kxe3 54. Kxf5 g3 55. Ng2+ Kf2 56. Nf4 Kf3 57. Kg5 Rxh5+ 0-1

[Event "Grodno-B"]
[Site "Grodno"]
[Date "2021.08.06"]
[Round "2"]
[White "Makoveev, Ilya"]
[Black "Leinov, Roman"]
[Result "1-0"]
[WhiteElo "2306"]
[BlackElo "2215"]
[PlyCount "85"]
[EventDate "2021.08.05"]
[EventType "tourn"]
[EventRounds "9"]
[EventCountry "BLR"]
[SourceTitle "EXT 2022"]
[Source "ChessBase"]
[SourceDate "2021.10.06"]
[SourceVersion "1"]
[SourceVersionDate "2021.10.06"]
[SourceQuality "1"]

1. e4 c5 2. Nf3 g6 3. c4 Bg7 4. d4 cxd4 5. Nxd4 Nc6 6. Be3 Nf6 7. Nc3 0-0 8. Be2 d6 9. 0-0 Bd7 10. Qd2 Nxd4 11. Bxd4 Bc6 12. f3 a5 13. b3 Nd7 14. Be3 Nc5 15. Rab1 Be5 16. Rfd1 e6 17. g3 Qf6 18. Bg5 Qh8 19. Nb5 Bxb5 20. cxb5 Rfe8 21. b6 Rec8 22. Bb5 Bf6 23. Bf4 e5 24. Be3 Be7 25. Rbc1 Qf6 26. Kg2 Rd8 27. Bc4 g5 28. Bd5 Ra6 29. a3 Rb8 30. b4 axb4 31. axb4 Ne6 32. Rc7 Ra3 33. Rxb7 Rxb7 34. Bxb7 Nd4 35. Qf2 Ra2 36. Bxd4 Rxf2+ 37. Bxf2 d5 38. Bxd5 Bxb4 39. b7 Bd6 40. Rc1 h5 41. Rc6 Kg7 42. Rxd6 Qxd6 43. Ba7 1-0

[Event "Minsk Kupreichik Memorial rapid"]
[Site "Minsk"]
[Date "2019.08.15"]
[Round "1"]
[White "Leinov, Roman"]
[Black "Patokova, Viktoriya"]
[Result "1-0"]
[WhiteElo "2189"]
[BlackElo "1503"]
[PlyCount "63"]
[EventDate "2019.08.15"]
[EventType "swiss (rapid)"]
[EventRounds "10"]
[EventCountry "BLR"]
[SourceTitle "CBM 191 Extra"]
[Source "ChessBase"]
[SourceDate "2019.09.30"]
[SourceVersion "1"]
[SourceVersionDate "2019.09.30"]
[SourceQuality "1"]

1. Nf3 d5 2. g3 c5 3. Bg2 Nc6 4. d4 e6 5. 0-0 Nf6 6. c4 cxd4 7. Nxd4 Bc5 8. Nb3 Bb6 9. cxd5 Nxd5 10. Nc3 Ncb4 11. Nxd5 Nxd5 12. e4 Nf6 13. Qe2 e5 14. Qb5+ Nd7 15. Bd2 0-0 16. Bb4 Re8 17. Rad1 Qf6 18. Bh3 Rd8 19. Bxd7 Bxd7 20. Rxd7 Rxd7 21. Qxd7 Rd8 22. Qe7 Qf3 23. Bc5 Rc8 24. Bxb6 axb6 25. Qxb7 Re8 26. Qd7 Ra8 27. Qd5 Re8 28. Nd2 Qe2 29. Nc4 h6 30. Nxe5 Rf8 31. b4 b5 32. Rc1 1-0

[Event "EU-ch rapid"]
[Site "Minsk"]
[Date "2015.12.19"]
[Round "2"]
[White "Leinov, Roman"]
[Black "Romanov, Evgeny"]
[Result "0-1"]
[WhiteElo "2129"]
[BlackElo "2590"]
[PlyCount "66"]
[EventDate "2015.12.19"]
[EventType "swiss (rapid)"]
[EventRounds "11"]
[EventCountry "BLR"]
[SourceTitle "EXT 2017"]
[Source "ChessBase"]
[SourceDate "2016.10.25"]
[SourceVersion "1"]
[SourceVersionDate "2016.10.25"]
[SourceQuality "1"]

1. d4 Nf6 2. c4 b6 3. Nc3 Bb7 4. Nf3 e6 5. e3 g6 6. Bd3 d5 7. 0-0 Bg7 8. cxd5 exd5 9. b3 0-0 10. Ba3 Re8 11. Qc2 a6 12. Rac1 Nbd7 13. Na4 c6 14. h3 Ne4 15. Rfe1 f5 16. Bf1 g5 17. Nd2 Qf6 18. Bb2 Re6 19. Nf3 g4 20. hxg4 fxg4 21. Ne5 g3 22. fxg3 Nxe5 23. dxe5 Qh6 24. Nxb6 Rd8 25. Bd3 Nxg3 26. Bf5 Nxf5 27. Qxf5 c5 28. Na4 Rf8 29. Qd3 d4 30. exd4 Bxg2 31. Kxg2 Rg6+ 32. Qxg6 Qxg6+ 33. Kh1 Rf2 0-1

[Event "EU-ch blitz"]
[Site "Minsk"]
[Date "2015.12.18"]
[Round "3.48"]
[White "Stupak, Kirill"]
[Black "Leinov, Roman"]
[Result "1-0"]
[WhiteElo "2542"]
[BlackElo "2129"]
[PlyCount "93"]
[EventDate "2015.12.18"]
[EventType "swiss (blitz)"]
[EventRounds "22"]
[EventCountry "BLR"]
[SourceTitle "EXT 2017"]
[Source "ChessBase"]
[SourceDate "2016.10.25"]
[SourceVersion "1"]
[SourceVersionDate "2016.10.25"]
[SourceQuality "1"]

1. d4 Nf6 2. g3 d5 3. Bg2 c6 4. Nf3 Bf5 5. 0-0 e6 6. c4 h6 7. Nc3 Nbd7 8. Qb3 Qb6 9. c5 Qxb3 10. axb3 a6 11. b4 Rc8 12. Nd2 Be7 13. Nb3 g5 14. Na5 Rb8 15. h4 Ne4 16. hxg5 hxg5 17. Nxe4 Bxe4 18. f3 Bg6 19. Bd2 f6 20. Kf2 Kf7 21. Rh1 Rxh1 22. Rxh1 Kg7 23. e4 Bd8 24. Nb3 Bc7 25. Bh3 Rh8 26. exd5 exd5 27. Kg2 Nf8 28. Re1 Kf7 29. Bc8 Bc2 30. Na1 Bd3 31. Bxb7 Bb5 32. Bc8 Ng6 33. Be6+ Kg7 34. Bf5 Kf7 35. Nb3 Ne7 36. Be6+ Kf8 37. Bc1 Rg8 38. Bxg8 Nxg8 39. Nd2 Ne7 40. g4 Ng6 41. Nf1 Nf4+ 42. Bxf4 Bxf4 43. Ne3 Kf7 44. Nf5 Bd2 45. Re7+ Kf8 46. Rc7 Bxb4 47. Nd6 1-0

[Event "Minsk op"]
[Site "Minsk"]
[Date "2014.07.23"]
[Round "8"]
[White "Leinov, Roman"]
[Black "Tihonov, Jurij"]
[Result "1/2-1/2"]
[WhiteElo "2176"]
[BlackElo "2413"]
[PlyCount "88"]
[EventDate "2014.07.16"]
[EventType "swiss"]
[EventRounds "9"]
[EventCountry "BLR"]
[SourceTitle "CBM 161 Extra"]
[Source "ChessBase"]
[SourceDate "2014.08.29"]
[SourceVersion "1"]
[SourceVersionDate "2014.08.29"]
[SourceQuality "1"]

1. d4 Nf6 2. c4 g6 3. Nc3 Bg7 4. e4 d6 5. f3 0-0 6. Be3 a6 7. Nge2 c6 8. c5 b5 9. cxd6 exd6 10. Nf4 Nbd7 11. Be2 Bb7 12. 0-0 Ne8 13. Qd2 Nc7 14. Rac1 Qe7 15. Rfe1 Nb6 16. b3 Rac8 17. Bf1 Ne6 18. d5 Nxf4 19. dxc6 Ne6 20. cxb7 Qxb7 21. Red1 Rfd8 22. Nd5 Nxd5 23. Qxd5 Qxd5 24. exd5 Nc5 25. b4 Na4 26. Rc6 Rxc6 27. dxc6 Rc8 28. Rxd6 Bf8 29. Rd7 Rxc6 30. Rd8 Rd6 31. Ra8 Kg7 32. a3 Be7 33. Bf4 Re6 34. Bd3 Bf6 35. Be4 Nc3 36. Bd3 Nd5 37. Bd2 Bb2 38. Be4 Nf6 39. Bb7 Re2 40. Rd8 Re6 41. Rd3 Rb6 42. Bc8 Rc6 43. Bb7 Rb6 44. Bc8 Rc6 1/2-1/2

[Event "Orsha"]
[Site "Orsha"]
[Date "2011.02.??"]
[Round "3"]
[White "Leinov, Roman"]
[Black "Tsyhanchuk, Stanislav"]
[Result "1/2-1/2"]
[WhiteElo "2177"]
[BlackElo "2340"]
[PlyCount "105"]
[EventDate "2011.02.??"]
[EventType "tourn"]
[EventRounds "9"]
[EventCountry "BLR"]
[EventCategory "2"]
[SourceTitle "CBM 140 Extra"]
[Source "ChessBase"]
[SourceDate "2011.03.01"]
[SourceVersion "1"]
[SourceVersionDate "2011.03.01"]
[SourceQuality "1"]

1. d4 Nf6 2. c4 Nc6 3. Nf3 e6 4. g3 Bb4+ 5. Bd2 Qe7 6. Nc3 a5 7. Bg2 0-0 8. 0-0 d6 9. Nb5 Bxd2 10. Qxd2 e5 11. d5 Nb8 12. Ne1 e4 13. Nc2 Re8 14. a3 a4 15. Qb4 b6 16. Ncd4 Ra5 17. Qc3 Qd8 18. Qc2 Bd7 19. Nc3 Qe7 20. Ndb5 Na6 21. Nxa4 Bxb5 22. cxb5 Rxb5 23. Qc4 Ra5 24. Nc3 Nb8 25. b4 Ra8 26. Nb5 Rc8 27. Rac1 Qd7 28. e3 c5 29. dxc6 Nxc6 30. Qe2 Ne5 31. Rxc8+ Rxc8 32. Rd1 d5 33. Nd4 Qa4 34. Ra1 Nd3 35. Qa2 g6 36. Bf1 Rc3 37. h3 Qd7 38. Qd2 Qc8 39. Kg2 h5 40. b5 Qc5 41. a4 Nd7 42. a5 bxa5 43. Rxa5 Nb6 44. Ra6 Nc4 45. Qa2 Rc1 46. Rc6 Qb4 47. Qa8+ Kh7 48. Rc8 Nxe3+ 49. fxe3 Qd2+ 50. Be2 Ne1+ 51. Kf2 Nd3+ 52. Kg2 Ne1+ 53. Kf2 1/2-1/2

[Event "Orsha"]
[Site "Orsha"]
[Date "2011.02.??"]
[Round "2"]
[White "Meshkov, Yuri A"]
[Black "Leinov, Roman"]
[Result "1-0"]
[WhiteElo "2404"]
[BlackElo "2177"]
[PlyCount "69"]
[EventDate "2011.02.??"]
[EventType "tourn"]
[EventRounds "9"]
[EventCountry "BLR"]
[EventCategory "2"]
[SourceTitle "CBM 140 Extra"]
[Source "ChessBase"]
[SourceDate "2011.03.01"]
[SourceVersion "1"]
[SourceVersionDate "2011.03.01"]
[SourceQuality "1"]

1. g3 d5 2. Bg2 e5 3. c4 d4 4. b4 a5 5. Qa4+ Bd7 6. b5 Qc8 7. Nf3 f6 8. e3 Bh3 9. 0-0 Bxg2 10. Kxg2 d3 11. Ne1 e4 12. Nc3 f5 13. f3 Nf6 14. fxe4 fxe4 15. Nd5 Nxd5 16. cxd5 Qg4 17. Rf4 Qe2+ 18. Rf2 Qg4 19. b6+ Nd7 20. Nxd3 Bd6 21. Ba3 Rf8 22. Raf1 Rf3 23. Bxd6 cxd6 24. Nf4 Kd8 25. Qxe4 Rxf2+ 26. Rxf2 Nf6 27. Qd4 Kd7 28. e4 Rc8 29. h3 Qg5 30. d3 Qe5 31. Qxe5 dxe5 32. Ne6 Rc3 33. Nxg7 Ke7 34. d6+ Kf7 35. Nh5 1-0

[Event "Lvov Vasylyshyn Memorial IM"]
[Site "Lvov"]
[Date "2010.11.29"]
[Round "7"]
[White "Leinov, Roman"]
[Black "Duzhakov, Ilya"]
[Result "1-0"]
[WhiteElo "2162"]
[BlackElo "2336"]
[PlyCount "83"]
[EventDate "2010.11.23"]
[EventType "tourn"]
[EventRounds "9"]
[EventCountry "UKR"]
[EventCategory "1"]
[SourceTitle "CBM 139 Extra"]
[Source "ChessBase"]
[SourceDate "2011.01.05"]
[SourceVersion "1"]
[SourceVersionDate "2011.01.05"]
[SourceQuality "1"]

1. d4 d5 2. c4 c6 3. Nc3 Nf6 4. Nf3 e6 5. cxd5 exd5 6. Bg5 Be7 7. Qc2 Nbd7 8. e3 0-0 9. Bd3 Re8 10. 0-0 Nf8 11. Rab1 g6 12. b4 a6 13. a4 Ne6 14. Bh4 Ng7 15. b5 axb5 16. axb5 Bf5 17. Bxf5 Nxf5 18. Bxf6 Bxf6 19. bxc6 bxc6 20. Na4 Rc8 21. Rfc1 Be7 22. Nc5 Nd6 23. Ne5 Bf6 24. Ned7 Bg7 25. Nb6 Rc7 26. Na6 Ra7 27. Qd3 Ne4 28. Rxc6 Bh6 29. Rc8 Qxc8 30. Nxc8 Rxc8 31. Nb4 Nc3 32. Rf1 Bf8 33. Nc2 Ra2 34. Ra1 Rb2 35. Ne1 Ne4 36. f3 Nd2 37. e4 Bg7 38. Rd1 Nb3 39. exd5 Bxd4+ 40. Kh1 Rd8 41. Qc4 Bb6 42. Qb5 1-0

[Event "Lvov Vasylyshyn Memorial IM"]
[Site "Lvov"]
[Date "2010.11.26"]
[Round "4"]
[White "Leinov, Roman"]
[Black "Meleshko, Vladimir"]
[Result "0-1"]
[WhiteElo "2162"]
[BlackElo "2252"]
[PlyCount "50"]
[EventDate "2010.11.23"]
[EventType "tourn"]
[EventRounds "9"]
[EventCountry "UKR"]
[EventCategory "1"]
[SourceTitle "CBM 139 Extra"]
[Source "ChessBase"]
[SourceDate "2011.01.05"]
[SourceVersion "1"]
[SourceVersionDate "2011.01.05"]
[SourceQuality "1"]

1. c4 e5 2. Nc3 Bb4 3. Qc2 Nc6 4. e3 Nf6 5. a3 Bxc3 6. Qxc3 0-0 7. d3 d5 8. Qc2 dxc4 9. Qxc4 Be6 10. Qa4 Qd5 11. Bd2 Rfd8 12. e4 Qd6 13. Be3 Ng4 14. Rc1 Nxe3 15. fxe3 Bg4 16. Qc2 Qh6 17. Qf2 Rd6 18. Nf3 f5 19. Be2 Bxf3 20. gxf3 f4 21. exf4 Qxf4 22. 0-0 Rf8 23. Kh1 Kh8 24. d4 Nxd4 25. Rxc7 Nxe2 0-1

[Event "Lvov Vasylyshyn Memorial IM"]
[Site "Lvov"]
[Date "2010.11.25"]
[Round "3"]
[White "Tsyhanchuk, Stanislav"]
[Black "Leinov, Roman"]
[Result "1-0"]
[WhiteElo "2328"]
[BlackElo "2162"]
[PlyCount "61"]
[EventDate "2010.11.23"]
[EventType "tourn"]
[EventRounds "9"]
[EventCountry "UKR"]
[EventCategory "1"]
[SourceTitle "CBM 139 Extra"]
[Source "ChessBase"]
[SourceDate "2011.01.05"]
[SourceVersion "1"]
[SourceVersionDate "2011.01.05"]
[SourceQuality "1"]

1. e4 d5 2. Nc3 d4 3. Nce2 e5 4. Nf3 f6 5. Ng3 Be6 6. c3 c5 7. Bb5+ Nd7 8. d3 dxc3 9. bxc3 Qa5 10. Rb1 Qxc3+ 11. Bd2 Qa3 12. Bxd7+ Bxd7 13. Rxb7 Qxd3 14. Nxe5 fxe5 15. Qh5+ Ke7 16. Nf5+ Ke6 17. Qg4 Nf6 18. Nd4+ Kd6 19. Rxd7+ Nxd7 20. Qe6+ Kc7 21. Qc6+ Kb8 22. Nb5 Bd6 23. Nxd6 Qb1+ 24. Ke2 Qb6 25. Qd5 Qa6+ 26. Nc4 Nb6 27. Rb1 Qb7 28. Qxe5+ Qc7 29. Nxb6 axb6 30. Rxb6+ Kc8 31. Qe6+ 1-0

[Event "Lvov Vasylyshyn Memorial IM"]
[Site "Lvov"]
[Date "2010.11.23"]
[Round "1"]
[White "Bargan, Sergei"]
[Black "Leinov, Roman"]
[Result "0-1"]
[WhiteElo "2347"]
[BlackElo "2162"]
[PlyCount "134"]
[EventDate "2010.11.23"]
[EventType "tourn"]
[EventRounds "9"]
[EventCountry "UKR"]
[EventCategory "1"]
[SourceTitle "CBM 139 Extra"]
[Source "ChessBase"]
[SourceDate "2011.01.05"]
[SourceVersion "1"]
[SourceVersionDate "2011.01.05"]
[SourceQuality "1"]

1. d4 d5 2. c4 c6 3. Nf3 e6 4. Nc3 dxc4 5. e4 b5 6. a4 Bb4 7. Be2 Nf6 8. Qc2 h6 9. 0-0 0-0 10. axb5 Bxc3 11. bxc3 cxb5 12. Nd2 Qc7 13. Ba3 Rd8 14. e5 Nd5 15. Ne4 Bb7 16. Bd6 Qc6 17. Bf3 Nd7 18. Qd2 a6 19. g4 N7b6 20. g5 h5 21. Nf6+ Kh8 22. g6 Rxd6 23. gxf7 Rdd8 24. Qg5 Nf4 25. Bxc6 Nh3+ 26. Kg2 Nxg5 27. Bxb7 Rab8 28. Ne4 Nxf7 29. Bxa6 Nd5 30. Rab1 Nc7 31. Ra1 Rd5 32. Ra2 Nd8 33. Nd6 Kg8 34. Rb1 Nf7 35. Nxc4 Rdd8 36. Na5 Nxa6 37. Nc6 Nc7 38. Nxb8 Rxb8 39. Rab2 Nh6 40. c4 Rb7 41. Kf3 Nf5 42. Ke4 Ne7 43. f4 g6 44. Rd1 Ra7 45. cxb5 Rb7 46. Rc1 Nxb5 47. Kd3 Rc7 48. Rc5 Rxc5 49. dxc5 Nc7 50. Rb7 Ncd5 51. Kc4 Kf8 52. Rb8+ Kf7 53. Rd8 Nxf4 54. Kb5 g5 55. c6 Nfg6 56. c7 Nxe5 57. Rh8 N5g6 58. Rxh5 Ke8 59. Rxg5 Kd7 60. Rc5 Kc8 61. Kc4 Nd5 62. Kb5 Ne5 63. h4 Nxc7+ 64. Ka5 Nd7 65. h5 Nxc5 66. h6 Nb7+ 67. Ka4 Nd6 0-1